Quantitative financial economics stocks, bonds and foreign exchange (Registro nro. 89263)

Detalles MARC
000 -ENCABEZADO
Número de control [NR] 01179nam a22002897a 4500
008 - DE LONGITUD FIJA DE DATOS DE ELEMENTOS - INFORMACIÓN GENERAL
Elementos de longitud fija [NR] 130821s2004 enka gr eng
020 ## - NUMERO INTERNACIONAL NORMALIZADO PARA LIBROS [R]
Número Internacional Normalizado del libro [NR] 0470091711
040 ## - FUENTE DE CATALOGACION [NR]
Agencia de catalogación original [NR] Co-BoUCM
Idioma de catalogación [NR] spa
041 00 - CODIGO DE IDIOMA [R]
Código de idioma para texto/pista de sonido o título separado [R] Inglés
100 1# - ASIENTO PRINCIPAL--NOMBRE PERSONAL [NR]
Nombre personal [NR] Cuthbertson, Keith.
ID Autoridad 67452
245 10 - MENCION DE TITULO [NR]
Título [NR] Quantitative financial economics stocks, bonds and foreign exchange
Mención de responsabilidad, etc. [NR] Keith Cuthbertson and Dirk Nitzsche
250 ## - MENCION DE EDICION [NR]
Mención de edición [NR] 2a. Ed.
260 ## - PUBLICACION, DISTRIBUCION, ETC. (PIE DE IMPRENTA) [R]
Lugar de publicación, distribución, etc. [R] Chichester (West Sussex, Inglaterra)
Nombre del editor, distribuidor, etc. [R] Wiley
Fecha de publicación, distribución, etc. [R] c2004
300 ## - DESCRIPCION FISICA [R]
Extensión [R] xiv, 720 páginas
Otros detalles físicos [NR] ilustraciones
504 ## - NOTA DE BIBLIOGRAFIA, ETC. [R]
Nota de bibliografía, etc. [NR]
650 04 - ASIENTO SECUNDARIO DE MATERIA - TERMINO TEMATICO [R]
Término temático o nombre geográfico como elemento de entrada [NR] Acciones
Subdivisión de forma [R] Modelos matemáticos
9 (RLIN) 8358
650 04 - ASIENTO SECUNDARIO DE MATERIA - TERMINO TEMATICO [R]
Término temático o nombre geográfico como elemento de entrada [NR] Activos de capital
9 (RLIN) 8450
650 04 - ASIENTO SECUNDARIO DE MATERIA - TERMINO TEMATICO [R]
Término temático o nombre geográfico como elemento de entrada [NR] Bonos
Subdivisión de forma [R] Modelos matemáticos
9 (RLIN) 10192
650 04 - ASIENTO SECUNDARIO DE MATERIA - TERMINO TEMATICO [R]
Término temático o nombre geográfico como elemento de entrada [NR] Economía
9 (RLIN) 174
650 04 - ASIENTO SECUNDARIO DE MATERIA - TERMINO TEMATICO [R]
Término temático o nombre geográfico como elemento de entrada [NR] Inversiones
Subdivisión de forma [R] Modelos matemáticos
9 (RLIN) 52263
700 1# - ASIENTO SECUNDARIO - NOMBRE PERSONAL [R]
Nombre personal [NR] Nitzsche, Dirk.
9 (RLIN) 67453
856 41 - LOCALIZACION Y ACCESO ELECTRONICOS [R]
Especificación de los materiales [NR] Contenido
Identificador Uniforme del Recurso (“URI”) [R] <a href="http://www.loc.gov/catdir/toc/ecip0421/2004018706.html">http://www.loc.gov/catdir/toc/ecip0421/2004018706.html</a>
856 42 - LOCALIZACION Y ACCESO ELECTRONICOS [R]
Especificación de los materiales [NR]
Identificador Uniforme del Recurso (“URI”) [R] <a href="http://www.loc.gov/catdir/enhancements/fy0616/2004018706-b.html">http://www.loc.gov/catdir/enhancements/fy0616/2004018706-b.html</a>
856 42 - LOCALIZACION Y ACCESO ELECTRONICOS [R]
Especificación de los materiales [NR] Publicador
Identificador Uniforme del Recurso (“URI”) [R] <a href="http://www.loc.gov/catdir/enhancements/fy0616/2004018706-d.html">http://www.loc.gov/catdir/enhancements/fy0616/2004018706-d.html</a>
942 ## - ELEMENTOS DE ENTRADA AGREGADOS (KOHA)
Tema principal Economía
Edición 2
Prefijo de la signatura top. (colección) Colección - Referencia
Parte restante de la signatura top. C988
Tipo de ítem principal el descrito en 300a Libro
Sistema de clasificación DEWEY
Clasificación 332.6
Existencias
Fecha de último préstamo Total préstamos Total Renewals Signatura topográfica Código de barras Última vez visto Volúmen / Fascículo Ejemplar Price effective from Tipo de ítem Perdido Sistema de clasificación Dañado No prestable Tipo de ítem específico Suprimido Ubicación habitual Ubicación actual Localización Fecha de creación Forma de adquisición Costo
22/05/2019 6 1 R 332.6 C988 100082028 04/12/2025 2a. Ed. Ej.1 03/02/2013 Libro   DEWEY     Libro   Claustro Claustro Mezanine 30/09/2007 Compra 80.00